000 00554nam a2200193Ia 4500
003 GCL
008 140319s9999 xx 000 0 ara d
040 _aGCL /
_cGCL
082 0 4 _a370.11
_bل ق
100 1 _aلطفى بركات
245 1 0 _aقضايا تربوية /
_cلطفى بركات
260 _a[S.N] :
_bالعربى للنشر والتوزيع ،
_c1992
300 _a156 ص
490 _a
650 0 4 _aالتربية
650 0 4 _aعلم النفس التربوى
650 0 4 _aالمدارس وتعريفاته
942 _2ddc
_cBK
999 _c54019
_d54019